000 00201nam a2200085Ia 4500
008 120527s9999 xx 000 0 und d
100 _aSolomon, C. Robert
245 _aIntroducing Philosophy
942 _cBK
999 _c27758
_d27758